<?xml version="1.0" encoding="UTF-8"?>
<record
    xmlns:xsi="http://www.w3.org/2001/XMLSchema-instance"
    xsi:schemaLocation="http://www.loc.gov/MARC21/slim http://www.loc.gov/standards/marcxml/schema/MARC21slim.xsd"
    xmlns="http://www.loc.gov/MARC21/slim">

  <leader>01217nam a2200277 a 4500</leader>
  <controlfield tag="001">000000449</controlfield>
  <controlfield tag="003">OSt</controlfield>
  <controlfield tag="005">20260321073637.0</controlfield>
  <controlfield tag="008">081127s1968    mx            000 0 spa d</controlfield>
  <datafield tag="040" ind1=" " ind2=" ">
    <subfield code="a">DO-SdBNP</subfield>
    <subfield code="b">spa</subfield>
    <subfield code="c">BNPHU</subfield>
  </datafield>
  <datafield tag="082" ind1=" " ind2=" ">
    <subfield code="a">355.033573</subfield>
    <subfield code="b">B742p, 1968</subfield>
  </datafield>
  <datafield tag="100" ind1="1" ind2=" ">
    <subfield code="a"> Bosch, Juan, </subfield>
    <subfield code="d">1909-2001</subfield>
    <subfield code="9">76555</subfield>
  </datafield>
  <datafield tag="245" ind1="1" ind2="3">
    <subfield code="a">El pentagonismo, sustituto del imperialismo /</subfield>
    <subfield code="c">Juan Bosch.</subfield>
  </datafield>
  <datafield tag="260" ind1=" " ind2=" ">
    <subfield code="a">M&#xE9;xico, D. F. :</subfield>
    <subfield code="b">Siglo XXI,</subfield>
    <subfield code="c">1968.</subfield>
  </datafield>
  <datafield tag="300" ind1=" " ind2=" ">
    <subfield code="a">147 p. ;</subfield>
    <subfield code="c">15 cm.</subfield>
  </datafield>
  <datafield tag="490" ind1="1" ind2=" ">
    <subfield code="a">M&#xED;nima ;</subfield>
    <subfield code="v">12</subfield>
  </datafield>
  <datafield tag="505" ind1="0" ind2=" ">
    <subfield code="t">Prefacio --</subfield>
    <subfield code="t">Qu&#xE9; es el pentagonismo</subfield>
    <subfield code="t">El nacimiento del pentagonismo --</subfield>
    <subfield code="t">Expansi&#xF3;n del pentagonismo --</subfield>
    <subfield code="t">La sociedad pentagonizada --</subfield>
    <subfield code="t">Pol&#xED;tica y pentagonismo --</subfield>
    <subfield code="t">Doctrina y moral del pensamiento --</subfield>
    <subfield code="t">El pentagonismo y Am&#xE9;rica Latina --</subfield>
    <subfield code="t">El pentagonismo hacia el poder total --</subfield>
    <subfield code="t">Ap&#xE9;ndice al prefacio --</subfield>
    <subfield code="t">Ap&#xE9;ndice I --</subfield>
    <subfield code="t">Ap&#xE9;ndice II --</subfield>
    <subfield code="t">Ap&#xE9;ndice III.</subfield>
  </datafield>
  <datafield tag="590" ind1=" " ind2=" ">
    <subfield code="a">Inventariado, 2018/ YL</subfield>
  </datafield>
  <datafield tag="650" ind1=" " ind2="0">
    <subfield code="a">Imperialismo</subfield>
    <subfield code="9">1499</subfield>
  </datafield>
  <datafield tag="651" ind1=" " ind2="4">
    <subfield code="a">Estados Unidos</subfield>
    <subfield code="x">Pol&#xED;tica Militar</subfield>
    <subfield code="9">1496</subfield>
  </datafield>
  <datafield tag="651" ind1=" " ind2="4">
    <subfield code="a">Estados Unidos</subfield>
    <subfield code="x">Seguridad Nacional</subfield>
    <subfield code="9">1497</subfield>
  </datafield>
  <datafield tag="651" ind1=" " ind2="4">
    <subfield code="a">Estados Unidos</subfield>
    <subfield code="x">Relaciones Exteriores</subfield>
    <subfield code="9">1498</subfield>
  </datafield>
  <datafield tag="830" ind1=" " ind2="0">
    <subfield code="a">M&#xED;nima</subfield>
    <subfield code="n">12</subfield>
    <subfield code="9">1500</subfield>
  </datafield>
  <datafield tag="910" ind1=" " ind2=" ">
    <subfield code="a">Validado. Control de calidad MMOLINA</subfield>
  </datafield>
  <datafield tag="942" ind1=" " ind2=" ">
    <subfield code="2">ddc</subfield>
    <subfield code="c">LBS1</subfield>
  </datafield>
  <datafield tag="952" ind1=" " ind2=" ">
    <subfield code="0">0</subfield>
    <subfield code="1">0</subfield>
    <subfield code="2">ddc</subfield>
    <subfield code="5">3</subfield>
    <subfield code="7">1</subfield>
    <subfield code="8">PD</subfield>
    <subfield code="a">BNPHU</subfield>
    <subfield code="b">BNPHU</subfield>
    <subfield code="c">CT</subfield>
    <subfield code="d">2009-07-27</subfield>
    <subfield code="i">LF1</subfield>
    <subfield code="l">0</subfield>
    <subfield code="o">355.033573 B742p</subfield>
    <subfield code="p">449-10</subfield>
    <subfield code="r">2020-06-25</subfield>
    <subfield code="w">2020-06-25</subfield>
    <subfield code="y">LF1</subfield>
  </datafield>
  <datafield tag="952" ind1=" " ind2=" ">
    <subfield code="0">0</subfield>
    <subfield code="1">0</subfield>
    <subfield code="2">ddc</subfield>
    <subfield code="5">3</subfield>
    <subfield code="7">2</subfield>
    <subfield code="a">BNPHU</subfield>
    <subfield code="b">BNPHU</subfield>
    <subfield code="c">CT</subfield>
    <subfield code="d">2019-08-20</subfield>
    <subfield code="e">Donado por Irma Rodr&#xEC;guez</subfield>
    <subfield code="l">0</subfield>
    <subfield code="o">355.033573 B742p, 1968</subfield>
    <subfield code="r">2020-11-06</subfield>
    <subfield code="t">e. 2</subfield>
    <subfield code="w">2020-11-06</subfield>
    <subfield code="y">LBS1</subfield>
    <subfield code="z">Perteneci&#xF2; a la biblioteca de Irma Rodr&#xEC;guez</subfield>
  </datafield>
  <datafield tag="999" ind1=" " ind2=" ">
    <subfield code="c">447</subfield>
    <subfield code="d">447</subfield>
  </datafield>
</record>
